Trabajo y economia en el retorno a la democracia: Chile 1985-1991

Saved in:
Bibliografiske detaljer
Hovedforfatter: Ruíz-Tagle P., Jaime (Author)
Format: Bog
Sprog:spansk
Udgivet: Santiago S.R.V. Impresos 1991
Fag:
Tags: Tilføj Tag
Ingen Tags, Vær først til at tagge denne postø!

MARC

LEADER 00000nam a2200000 a 4500
001 UCX3726
003 CL-VaPUC
008 911206e19910000CL |||||||||||||||||spa|d
082 0 4 |a 331.8  |b RUI  |2 21 
100 0 |a Ruíz-Tagle P., Jaime  |e author  |9 319913 
245 1 0 |a Trabajo y economia en el retorno a la democracia: Chile 1985-1991 
300 |a 194 p 
942 |c BK 
945 |d 19911206 00:00:00  |a rbrito 
260 |a Santiago  |b S.R.V. Impresos  |c 1991 
650 7 |a ECONOMIA 1985-1991  |2 CL-VaPUC  |9 319914 
651 7 |a CHILE  |2 CL-VaPUC  |9 319915 
583 |a last modification  |c 19911206 00:00:00  |k Rodrigo Vera 
999 |c 224404  |d 224402 
952 |0 0  |1 0  |4 0  |6 331_800000000000000_RUI_1991  |7 0  |8 A  |9 221030  |a BIBENE  |b BIBENE  |d 2019-11-15  |i 2897709  |o 331.8 RUI 1991  |p 2897709  |r 2025-01-15  |w 2019-11-15  |y BK  |k ICO 
952 |0 0  |1 0  |4 0  |6 331_800000000000000_RUI_1991  |7 0  |8 A  |9 221031  |a BIBENE  |b BIBENE  |d 2019-11-15  |i 2989077  |o 331.8 RUI 1991  |p 2989077  |r 2025-01-15  |w 2019-11-15  |y BK  |k ICO